| 000 | 00867nam a2200241Ia 4500 | ||
|---|---|---|---|
| 001 | 1030 | ||
| 003 | GE_BSU | ||
| 008 | 181216s||||||||xx |||||||||||||| ||und|| | ||
| 020 | _a9785769534935 | ||
| 040 | _cGE_BSU | ||
| 080 | _a59(075.8) | ||
| 100 | _aРупперт,Эдвард; Ричард С. Фокс,Роберт Д.Барс, | ||
| 245 | _aЗоолоия беспозвоночных.Функциональные и эволюционные аспекты.В 4-х томах.т1 Простые и низшие многоклеточные | ||
| 245 | _bУчебник. | ||
| 245 | _cПер.с англ. Под.ред. А.А.Добровольского и А.А.И.Грановича. | ||
| 260 | _aМосква | ||
| 260 | _bАкадемия | ||
| 260 | _c2008 | ||
| 300 | _a484 с. | ||
| 541 | _h80 л. | ||
| 653 | _aЗоология | ||
| 942 | _cBK | ||
| 999 |
_c35185 _d35185 |
||